MARC

LEADER 00000nam0a2200000 4500
001 245766
005 20231101232143.0
010 |a 5120012841 
020 |a RU  |b 90-39306 
035 |a (RuTPU)RU\TPU\book\267192 
090 |a 245766 
100 |a 20131116d1990 k a0rusy5003 ca 
101 0 |a rus 
102 |a UA 
105 |a y z 001zy 
200 1 |a Термомеханика предварительно деформированных вязкоупругих тел  |f В. Г. Карнаухов, Б. П. Гуменюк  |g Академия наук Украинской ССР (АН УССР), Институт механики 
210 |a Киев  |c Наукова думка  |d 1990 
215 |a 302,[1] с.  |c ил.  |d 22 см 
320 |a Библиогр.: с. 297-301 (147 назв.) 
606 1 |a Упругие тела  |x Резонансные явления  |2 stltpush  |3 (RuTPU)RU\TPU\subj\70452  |9 84713 
610 1 |a термоупругость 
610 1 |a вязкоупругие среды 
610 1 |a деформированные тела 
610 1 |a линейные задачи 
675 |a 539.376  |z rus 
700 1 |a Карнаухов  |b В. Г.  |g Василий Гаврилович  |4 070 
701 1 |a Гуменюк  |b Б. П.  |g Борис Петрович  |4 070 
712 0 2 |a Академия наук Украинской ССР (АН УССР)  |b Институт механики  |c (Киев)  |c (1959-1991)  |2 stltpush  |3 (RuTPU)RU\TPU\col\1205 
801 0 |a RU  |b RuMRKP  |c 19950417  |g psbo 
801 1 |a RU  |b 63413507  |c 20131116 
801 2 |a RU  |b 63413507  |c 20131126  |g RCR 
942 |c BK